1873 1352 1776 1698 1747 1894 1539 1039 1979 1552 1153 1085 1505 1087 1500 1816 1717 1059 1222 1502 1015 1423 1128 1223 1651 1650 1172 1226 1062 1212 1354 1935 1196 1565 1750 1387 1462 1321 1272 1698 1319 1728 1082 1168 1268 1707 1408 1694 1634 1022 1325 1150 1220 1378 1015 1416 1422 1825 1098 1650 1374 1990 1997 1386 1942 1014 1818 1054 1635 1530 1507 1985 1090 1434 1803 1555 1440 1959 1227 1066 1753 1435 1245 1608 1921 1531 1085 1357 1325 1364 1876 1304 1464 1752 1608 1861 1900 1931 1785 BCNSPRNW ULIB Ver.6.0+V

เปลี่ยนเป็นภาษาไทย

Change to English
 แสดงรายละเอียดบรรณานุกรม
  กลับหน้าหลัก

Brief Record : Get Marc (ISO 2709) : E-mail record : QR code < ปิดหน้าต่าง
LEADER : 00000nam 2200000uu 4500
001    13399113635
003     ULIB
008    110627s2551||||th 000 0 tha d
020    9789740435709
090    นว.^bส988ม 2551
100 0  โสภี พรรณราย
245 00 มนตราเงินตรา/^cโสภี พรรณราย
250    พิมพ์ครั้งที่ 1
260    กรุงเทพฯ :^bบิวตี้บุ๊ค,^c2551
300    428 หน้า
710 1  บิวตี้บุ๊ค
945    ^p270^l0^i023604
995    ทศพร
999 ^a ใช้งานได้ทุกระบบ
รายการนี้ยังไม่มีแท็ก
คุณยังไม่ได้ล็อกอิน คุณสามารถมีกิจกรรมร่วมกับเว็บไซต์ได้ แต่ต้องล็อกอินก่อน ::
  ล็อกอิน

รายการสื่อสารสนเทศ

ลำดับที่ ประเภท เลขเรียก/บาร์โค้ด สถานที่ สถานะ
1. นวนิยาย
นวนิยาย
นว. ส988ม 2551 ฉ.1 
  Barcode: 023604
ห้องสมุดวิทยาเขตสวรรค์ประชารักษ์
►นวนิยาย
บนชั้น
  ขอยืม

รายการใกล้เคียง
    ผู้แต่ง [โสภี พรรณราย]

BibComment


ยังไม่เคยถูกคอมเมนท์

คอมเมนท์ทรัพยากรรายการนี้
  คอมเมนท์: มนตราเงินตรา โสภี..


 Copyright 2026. Bcnsprnw @Library